| 000 | 00742nam a2200229Ii 4500 | ||
|---|---|---|---|
| 003 | JO-AjNU | ||
| 008 | 230605s9999||||xx |||||||||||||| ||und|| | ||
| 017 | _a2008/4/1316 | ||
| 020 | _a978-9957-24-377-7 | ||
| 040 |
_aJO-AjNU _bara _erda _cJO-AjNU |
||
| 041 | _aara | ||
| 050 | 1 | 4 | _aBF713.M35.2009 |
| 100 | 3 |
_aمجيد،سوسن شاكر, _eauthor _928590 |
|
| 245 | 0 | 0 | _aعلم نفس النمو للطفل |
| 250 | _aط1 | ||
| 264 | 3 | 1 | _aعمان:دار صفاء للنشر والتوزيع ،2009 |
| 300 | _a304ص | ||
| 336 |
_atext _btxt _2rdacontent |
||
| 337 |
_aunmediated _bn _2rdamedia |
||
| 338 |
_avolume _bnc _2rdacarrier |
||
| 650 | 4 |
_aعلم نفس الاطفال-علم نفس النمو-رعاية الطفولة _928591 |
|
| 999 |
_aA11108 _c14676 _d14676 |
||